[Event "VIII Festival A"]
[Site "Salsomaggiore Terme ITA"]
[Date "2004.05.14"]
[Round "1"]
[White "Foglia, Maurizio"]
[Black "Garofalo, Sergio"]
[Result "1-0"]
[WhiteElo "2087"]
[BlackElo "1784"]
[PlyCount "81"]
[EventDate "2004.05.14"]

1. e4 e5 2. Bc4 Nf6 3. d3 d5 4. exd5 Bg4 5. f3 Bh5 6. Qe2 Bb4+ 7. c3 Bd6 8. Bg5
a6 9. Nd2 h6 10. Bh4 g5 11. Bg3 O-O 12. Ne4 Nbd7 13. h4 g4 14. O-O-O Nxe4 15.
dxe4 gxf3 16. Nxf3 b5 17. Bd3 Nc5 18. Bf2 Nxd3+ 19. Rxd3 f5 20. Qe3 fxe4 21.
Qxh6 Qf6 22. Qxh5 exd3 23. Be3 e4 24. Ng5 Qh8 25. Qg6+ Qg7 26. Qe6+ Rf7 27.
Nxf7 Qxf7 28. Qxe4 Re8 29. Qg4+ Kh7 30. Bd2 Re2 31. h5 Kh8 32. h6 Rf2 33. Qd4+
Qf6 34. Qxd3 Rxd2 35. Kxd2 Qf2+ 36. Kc1 Qxg2 37. Re1 Bf4+ 38. Kb1 Bxh6 39. a3
Qf2 40. Re8+ Bf8 41. Qd4+ 1-0

[Event "VIII Festival A"]
[Site "Salsomaggiore Terme ITA"]
[Date "2004.05.14"]
[Round "1"]
[White "Grillo, Francesco"]
[Black "Capurro, Giuliano"]
[Result "0-1"]
[WhiteElo "1646"]
[BlackElo "2067"]
[PlyCount "116"]
[EventDate "2004.05.14"]

1. d4 Nf6 2. c4 d6 3. Nc3 g6 4. e4 Bg7 5. Be2 O-O 6. Bg5 h6 7. Be3 c6 8. a4
Nbd7 9. d5 Qa5 10. Bd2 Qb6 11. a5 Qd8 12. Nf3 Nc5 13. Qc2 cxd5 14. cxd5 Bg4 15.
O-O Rc8 16. b4 Ncxe4 17. Qd3 Nxd2 18. Qxd2 Rxc3 19. Qxc3 Nxd5 20. Qc4 Bxa1 21.
Rxa1 Be6 22. Nd4 Qc8 23. Nxe6 Qxc4 24. Bxc4 fxe6 25. Bxd5 exd5 26. Rc1 e5 27.
Rc7 Rf7 28. Rc8+ Kg7 29. Rd8 Rc7 30. Kf1 d4 31. Rxd6 Kf7 32. Ke2 Rc2+ 33. Kd3
Rxf2 34. Rd7+ Ke6 35. Rxb7 Rb2 36. b5 Kd5 37. Rd7+ Kc5 38. Rc7+ Kd6 39. Rb7
Rb3+ 40. Kc2 Rc3+ 41. Kd2 Rb3 42. Kc2 Rb4 43. Kd3 Ke6 44. g4 h5 45. gxh5 gxh5
46. h4 Kd6 47. a6 Ke6 48. b6 axb6 49. a7 Ra4 50. Rxb6+ Kf5 51. Rb7 e4+ 52. Kc2
Kf4 53. Kb3 Ra6 54. Kb4 d3 55. Rd7 Ke3 56. Kc3 Ke2 57. Rd4 e3 58. Rb4 Rxa7 0-1

[Event "VIII Festival A"]
[Site "Salsomaggiore Terme ITA"]
[Date "2004.05.14"]
[Round "1"]
[White "Marson, Antonio"]
[Black "Bartolozzi, Roberto"]
[Result "1-0"]
[WhiteElo "1673"]
[BlackElo "2072"]
[PlyCount "51"]
[EventDate "2004.05.14"]

1. d4 e6 2. Nf3 Nf6 3. Bf4 c5 4. c3 Nc6 5. e3 d5 6. Nbd2 Bd6 7. Bxd6 Qxd6 8.
Bd3 O-O 9. O-O e5 10. dxe5 Nxe5 11. Nxe5 Qxe5 12. Nf3 Qh5 13. Be2 Re8 14. Ne1
Qe5 15. Nd3 Qd6 16. Bf3 Bf5 17. Nf4 Rad8 18. g4 Bc8 19. g5 Ne4 20. Bxe4 Rxe4
21. Ng2 Bh3 22. f3 Bxg2 23. fxe4 Bxf1 24. Qxf1 dxe4 25. Qe2 Qe5 26. Qg2 1-0

[Event "VIII Festival A"]
[Site "Salsomaggiore Terme ITA"]
[Date "2004.05.14"]
[Round "1"]
[White "Molteni, Costantino"]
[Black "Diotallevi, Maurizio"]
[Result "1-0"]
[WhiteElo "1850"]
[BlackElo "2099"]
[PlyCount "133"]
[EventDate "2004.05.14"]

1. Nf3 d5 2. c4 e6 3. b3 Nf6 4. Bb2 Be7 5. g3 O-O 6. Bg2 c5 7. O-O Nc6 8. cxd5
Nxd5 9. Nc3 Bf6 10. Qc1 Nxc3 11. Bxc3 Nd4 12. Nxd4 cxd4 13. Bb2 Qb6 14. d3 Bd7
15. Qd2 a5 16. Rfc1 Rfc8 17. Rc4 Bb5 18. Rxc8+ Rxc8 19. Rc1 Rxc1+ 20. Qxc1 Bd7
21. Qc4 Bc6 22. Bxc6 bxc6 23. Ba3 Qb5 24. Qc5 Qxc5 25. Bxc5 Bd8 26. Bxd4 Kf8
27. Bc5+ Ke8 28. Kg2 Kd7 29. Kf3 e5 30. d4 Ke6 31. e4 g6 32. Ke3 f5 33. dxe5
Kxe5 34. f4+ Ke6 35. e5 Kd5 36. Bd6 Bb6+ 37. Kf3 h5 38. a4 c5 39. h3 Kc6 40. g4
Bd8 41. gxf5 gxf5 42. Bf8 Kd5 43. Ke3 Bh4 44. Bd6 Be1 45. Bf8 Bb4 46. Kd3 Ba3
47. Bh6 Bc1 48. Bg5 Ba3 49. Bd8 Bb4 50. Bh4 Ba3 51. Be1 Bc1 52. Bd2 Ba3 53.
Bxa5 Kc6 54. Bd2 Bb2 55. a5 Kb5 56. Bc3 Bc1 57. e6 Kc6 58. Be5 Ba3 59. e7 c4+
60. Kxc4 Bxe7 61. b4 Bd8 62. b5+ Kb7 63. b6 Kc6 64. Bc7 Bh4 65. a6 Bf2 66. a7
Kb7 67. Kd5 1-0

[Event "VIII Festival A"]
[Site "Salsomaggiore Terme ITA"]
[Date "2004.05.14"]
[Round "1"]
[White "Mrdja, Milan"]
[Black "Panizzi, Giuseppe"]
[Result "1-0"]
[WhiteElo "2405"]
[BlackElo "2037"]
[PlyCount "87"]
[EventDate "2004.05.14"]

1. e4 c5 2. Nf3 Nc6 3. Bb5 g6 4. h3 Bg7 5. Bxc6 dxc6 6. e5 e6 7. Nc3 Qc7 8. Qe2
b6 9. b3 Ne7 10. Bb2 Nd5 11. Ne4 O-O 12. O-O f5 13. exf6 Nxf6 14. Nxf6+ Bxf6
15. Bxf6 Rxf6 16. Ne5 Ba6 17. d3 Raf8 18. Ng4 Rf4 19. Qxe6+ Kg7 20. Rae1 R4f5
21. Qe7+ R8f7 22. Qxc7 Rxc7 23. Re8 h5 24. Ne5 Bc8 25. Re1 Rf6 26. f3 Bf5 27.
g4 hxg4 28. hxg4 Bc8 29. Kg2 g5 30. Nc4 b5 31. Nd2 Kf7 32. R1e5 c4 33. dxc4
bxc4 34. Ne4 Rg6 35. Kg3 cxb3 36. axb3 c5 37. Nxg5+ Kf6 38. f4 c4 39. b4 c3 40.
Ne4+ Kf7 41. f5 Rb6 42. Rc5 Rxc5 43. bxc5 Rb2 44. Nd6+ 1-0

[Event "VIII Festival A"]
[Site "Salsomaggiore Terme ITA"]
[Date "2004.05.14"]
[Round "1"]
[White "Mussap, Angelo"]
[Black "Guastadini, Paolo"]
[Result "1/2-1/2"]
[WhiteElo "1904"]
[BlackElo "2130"]
[PlyCount "137"]
[EventDate "2004.05.14"]

1. e4 g6 2. d4 Bg7 3. Nf3 d6 4. h3 e5 5. dxe5 dxe5 6. Qxd8+ Kxd8 7. Bc4 f6 8.
Be3 Nd7 9. Nc3 c6 10. Rd1 Kc7 11. O-O Bf8 12. a3 b5 13. Ba2 a5 14. Be6 Nc5 15.
Bxc8 Rxc8 16. Bxc5 Bxc5 17. Rd3 Nh6 18. Rfd1 Rhd8 19. Rxd8 Rxd8 20. Rxd8 Kxd8
21. Kf1 Nf7 22. Ke2 Nd6 23. Nd2 Bd4 24. Nd1 Ke7 25. f3 Nb7 26. c3 Bb6 27. b4 a4
28. Nb2 Nd8 29. Nd3 Ne6 30. Nf1 Bg1 31. Ne3 h5 32. g3 Ng5 33. h4 Nf7 34. Nf2
Nd6 35. Kf1 Bxf2 36. Kxf2 Ke6 37. Ke2 f5 38. Kd3 f4 39. gxf4 exf4 40. Nc2 Nc4
41. Kd4 Kd6 42. e5+ Nxe5 43. Ke4 Nc4 44. Kxf4 Nd2 45. Ke3 Nb1 46. Kf4 Ke7 47.
Kg5 Kf7 48. f4 Nxc3 49. f5 Ne4+ 50. Kf4 Nd6 51. fxg6+ Kxg6 52. Nd4 Nc4 53. Nxc6
Nxa3 54. Nd4 Kf6 55. Ke4 Nc4 56. Nxb5 a3 57. Nc3 Nb6 58. Na2 Nc4 59. Nc3 Nd2+
60. Kf4 Nf1 61. b5 Ke6 62. Kg5 Ng3 63. Na2 Kd6 64. Kf4 Ne2+ 65. Kg5 Nd4 66.
Kxh5 Nf3 67. Kg4 Nxh4 68. Kxh4 Kc5 69. Nc3 1/2-1/2

[Event "VIII Festival A"]
[Site "Salsomaggiore Terme ITA"]
[Date "2004.05.14"]
[Round "1"]
[White "Opacic, Alexandar"]
[Black "Bardi, Massimo"]
[Result "1/2-1/2"]
[WhiteElo "2134"]
[BlackElo "1906"]
[PlyCount "101"]
[EventDate "2004.05.14"]

1. e4 c5 2. Nf3 d6 3. Bb5+ Bd7 4. Bxd7+ Qxd7 5. d4 cxd4 6. Nxd4 Nf6 7. Nc3 Nc6
8. O-O e6 9. f4 Be7 10. Nf3 Rd8 11. Kh1 O-O 12. Qe2 Kh8 13. b3 d5 14. Bb2 Nxe4
15. Nxe4 dxe4 16. Qxe4 Qd5 17. Qe2 Qf5 18. Rae1 Bf6 19. Ba3 Be7 20. Bxe7 Nxe7
21. Qe4 Rd7 22. Ne5 Qxe4 23. Rxe4 Rd2 24. Rc4 Nd5 25. Nf3 Re2 26. Re1 Rxe1+ 27.
Nxe1 g6 28. Kg1 Kg7 29. Kf2 b5 30. Rc5 a6 31. Nd3 Rb8 32. a3 Kf6 33. Kf3 Ke7
34. Ne5 Rb6 35. g4 f6 36. Nd3 Kd7 37. g5 fxg5 38. fxg5 Kd6 39. Ke4 Rb8 40. c4
Nc3+ 41. Kd4 Ne2+ 42. Ke4 Nc1 43. cxb5 Nxd3 44. Rc6+ Kd7 45. Kxd3 Rxb5 46. Rxa6
Rxb3+ 47. Kd4 Rh3 48. Ke5 Rxh2 49. Ra7+ Kc6 50. Kxe6 h6 51. Rg7 1/2-1/2

[Event "VIII Festival A"]
[Site "Salsomaggiore Terme ITA"]
[Date "2004.05.14"]
[Round "1"]
[White "Pegoraro, Nicola"]
[Black "Catalano, Luigi"]
[Result "1-0"]
[WhiteElo "2066"]
[BlackElo "1622"]
[PlyCount "97"]
[EventDate "2004.05.14"]

1. e4 e5 2. Nf3 Nc6 3. d4 exd4 4. Bc4 h6 5. O-O Bc5 6. c3 dxc3 7. Bxf7+ Kxf7 8.
Qd5+ Kf8 9. Qxc5+ d6 10. Qe3 Qe8 11. Nxc3 Nge7 12. Nb5 Qd7 13. Bd2 a6 14. Nbd4
Kg8 15. Bc3 Qg4 16. Nxc6 Nxc6 17. e5 d5 18. Rad1 Be6 19. Nd4 Ne7 20. f3 Qg6 21.
Nxe6 Qxe6 22. Qc5 c6 23. f4 Kf7 24. f5 Nxf5 25. Rxf5+ Kg6 26. Rdf1 Kh7 27. Qd6
Rhe8 28. Rf7 b6 29. R1f6 Qg4 30. Rxh6+ Kg8 31. Rg6 Qd1+ 32. Rf1 Qd3 33. Rg3 Qc4
34. e6 Ra7 35. Bxg7 Rxg7 36. Rxg7+ Kh8 37. Qg3 Qd4+ 38. Kh1 Qxg7 39. Qh3+ Kg8
40. Rf3 Qh7 41. Qg4+ Kh8 42. Rh3 Rf8 43. Rxh7+ Kxh7 44. h4 c5 45. e7 Re8 46.
Qe6 Kg7 47. h5 d4 48. Qg6+ Kh8 49. Qxe8+ 1-0

[Event "VIII Festival A"]
[Site "Salsomaggiore Terme ITA"]
[Date "2004.05.14"]
[Round "1"]
[White "Peric, Slavisa"]
[Black "De Palma, Fabrizio"]
[Result "1-0"]
[WhiteElo "2246"]
[BlackElo "1948"]
[PlyCount "29"]
[EventDate "2004.05.14"]

1. d4 Nf6 2. Nf3 e6 3. e3 Be7 4. Bd3 d5 5. O-O O-O 6. Nbd2 Nbd7 7. b3 Re8 8.
Ne5 c5 9. f4 Qb6 10. c3 Nf8 11. Qf3 Ng6 12. g4 Rf8 13. g5 Ne8 14. Qh5 Nd6 15.
Rf3 1-0

[Event "VIII Festival A"]
[Site "Salsomaggiore Terme ITA"]
[Date "2004.05.14"]
[Round "1"]
[White "Pipitone, Antonio"]
[Black "Dragojlovic, Andjelko"]
[Result "0-1"]
[WhiteElo "2028"]
[BlackElo "2340"]
[PlyCount "68"]
[EventDate "2004.05.14"]

1. e4 c5 2. Nf3 g6 3. d4 cxd4 4. Nxd4 Bg7 5. Nc3 Nc6 6. Be3 Nf6 7. Be2 O-O 8.
O-O d6 9. f4 Bd7 10. Kh1 Rc8 11. Bf3 a6 12. Qd2 b5 13. a3 Na5 14. b3 Nc6 15.
Nce2 Qc7 16. Rac1 e5 17. Nxc6 Bxc6 18. Ng3 Qb7 19. Qxd6 Nxe4 20. Nxe4 Bxe4 21.
fxe5 Bxf3 22. Rxf3 Rfd8 23. Qb4 Bxe5 24. c4 Rd3 25. c5 f5 26. a4 Qe4 27. Qe1
Rxb3 28. axb5 axb5 29. Qd2 Rd3 30. Qa2+ Qd5 31. Qa6 Ra8 32. Qxb5 f4 33. Bxf4
Rxf3 34. Bxe5 Rf2 0-1

[Event "VIII Festival A"]
[Site "Salsomaggiore Terme ITA"]
[Date "2004.05.14"]
[Round "1"]
[White "Salati, Paolo"]
[Black "Bentivegna, Francesco"]
[Result "0-1"]
[WhiteElo "1959"]
[BlackElo "2258"]
[PlyCount "86"]
[EventDate "2004.05.14"]

1. e4 e5 2. Nf3 Nc6 3. Bc4 Bc5 4. c3 Nf6 5. d4 exd4 6. cxd4 Bb4+ 7. Bd2 Nxe4 8.
Bxb4 Nxb4 9. Bxf7+ Kxf7 10. Qb3+ d5 11. Qxb4 Rf8 12. O-O Kg8 13. Nbd2 a5 14.
Qb3 a4 15. Qb4 Nd6 16. Rfe1 Qf6 17. Qc3 c6 18. Qe3 Bf5 19. Qe5 Be4 20. Qxf6
gxf6 21. Nh4 Kf7 22. Re3 Rfe8 23. Rae1 Bg6 24. g3 a3 25. b3 Nb5 26. Nxg6 hxg6
27. Nf3 g5 28. h3 Rxe3 29. Rxe3 Re8 30. Rd3 Re2 31. Rd2 Rxd2 32. Nxd2 Nc3 33.
Kf1 Nxa2 34. Nb1 Nc1 35. Nxa3 Nxb3 36. Nc2 b6 37. Ke2 c5 38. dxc5 bxc5 39. Ne3
Nd4+ 40. Kd3 Ke6 41. h4 gxh4 42. gxh4 Nf5 43. h5 Nxe3 0-1

[Event "VIII Festival A"]
[Site "Salsomaggiore Terme ITA"]
[Date "2004.05.14"]
[Round "2"]
[White "Aceto, Lorenzo"]
[Black "Opacic, Alexandar"]
[Result "0-1"]
[WhiteElo "2020"]
[BlackElo "2134"]
[PlyCount "54"]
[EventDate "2004.05.14"]

1. e4 c5 2. Nf3 Nc6 3. d4 cxd4 4. Nxd4 Nf6 5. Nc3 e5 6. Ndb5 d6 7. Bg5 a6 8.
Na3 b5 9. Nd5 Be7 10. Bxf6 Bxf6 11. c3 Bg5 12. Nc2 O-O 13. a4 bxa4 14. Rxa4 a5
15. Bc4 Rb8 16. b3 Kh8 17. Nce3 g6 18. O-O Be6 19. Ra2 f5 20. exf5 gxf5 21. f3
f4 22. Nc2 Bxd5 23. Qxd5 Qb6+ 24. Kh1 Ne7 25. Qe6 Nf5 26. Qd5 Rf6 27. g4 fxg3
0-1

[Event "VIII Festival A"]
[Site "Salsomaggiore Terme ITA"]
[Date "2004.05.14"]
[Round "2"]
[White "Ambrosi, Arcangelo"]
[Black "Grillo, Francesco"]
[Result "1-0"]
[WhiteElo "1975"]
[BlackElo "1646"]
[PlyCount "72"]
[EventDate "2004.05.14"]

1. b4 d5 2. Bb2 Nf6 3. e3 Bf5 4. Nf3 e6 5. c4 Nc6 6. a3 dxc4 7. Bxc4 Bd3 8. Qb3
Bxc4 9. Qxc4 Be7 10. Nc3 O-O 11. d4 Nd5 12. Ne4 Re8 13. O-O Bf8 14. Rac1 a6 15.
Ng3 Rc8 16. Ne5 Nxe5 17. dxe5 c5 18. bxc5 Bxc5 19. Qg4 Nxe3 20. fxe3 Bxe3+ 21.
Kh1 Bxc1 22. Bxc1 Qd3 23. Qf4 Qg6 24. Ne4 Rc2 25. g4 h5 26. g5 Rec8 27. Nd6
R8c3 28. Be3 Rxa3 29. Nxf7 Qf5 30. Kg1 Qxf4 31. Bxf4 Raa2 32. Nd8 Rg2+ 33. Kh1
Rgf2 34. Rxf2 Rxf2 35. Bg3 Re2 36. Nxe6 a5 1-0

[Event "VIII Festival A"]
[Site "Salsomaggiore Terme ITA"]
[Date "2004.05.14"]
[Round "2"]
[White "Bardi, Massimo"]
[Black "Brancaleoni, Maurizio"]
[Result "0-1"]
[WhiteElo "1906"]
[BlackElo "2296"]
[PlyCount "60"]
[EventDate "2004.05.14"]

1. e4 d6 2. d4 Nf6 3. Nc3 Nbd7 4. f4 e5 5. Nf3 exd4 6. Nxd4 g6 7. Be3 Bg7 8.
Qd2 O-O 9. Nf3 Qe7 10. Bd3 b5 11. O-O-O Bb7 12. Bxb5 Nxe4 13. Nxe4 Bxe4 14. Bd4
Nf6 15. Rhe1 c5 16. Bc3 d5 17. Ng5 Qb7 18. Bd3 Bxd3 19. Qxd3 d4 20. Bd2 Rab8
21. b3 Nd5 22. Qc4 Rfc8 23. Re4 Nb6 24. Qe2 c4 25. Re7 d3 26. Qe3 Qa6 27. a4
cxb3 28. Rxf7 b2+ 29. Kb1 dxc2+ 30. Ka2 Qc4+ 0-1

[Event "VIII Festival A"]
[Site "Salsomaggiore Terme ITA"]
[Date "2004.05.14"]
[Round "2"]
[White "Barletta, Mauro"]
[Black "Molteni, Costantino"]
[Result "1-0"]
[WhiteElo "2245"]
[BlackElo "1850"]
[PlyCount "83"]
[EventDate "2004.05.14"]

1. f4 d5 2. Nf3 Nf6 3. e3 c5 4. b3 g6 5. Bb2 Bg7 6. Bb5+ Nbd7 7. O-O O-O 8.
Bxd7 Bxd7 9. Qe2 Bc6 10. d3 Nd7 11. Bxg7 Kxg7 12. Nbd2 Qc7 13. Rae1 e5 14. f5
Nf6 15. Qf2 Qd6 16. Qg3 Rae8 17. Nh4 Nh5 18. f6+ Qxf6 19. Rxf6 Nxg3 20. Rxc6
bxc6 21. hxg3 f5 22. e4 Kf6 23. Rf1 Ke6 24. Nhf3 h6 25. Nh4 Rf6 26. Nhf3 fxe4
27. dxe4 g5 28. Re1 Kd6 29. Rd1 Ke6 30. exd5+ cxd5 31. Nxe5 Kd6 32. Ng4 Rfe6
33. Nf3 Rg6 34. Kf2 h5 35. Ne3 d4 36. Nc4+ Kd5 37. Rh1 Rge6 38. Rxh5 Re2+ 39.
Kg1 Rxc2 40. Rxg5+ Kc6 41. Nfe5+ Kb5 42. Nd6+ 1-0

[Event "VIII Festival A"]
[Site "Salsomaggiore Terme ITA"]
[Date "2004.05.14"]
[Round "2"]
[White "Bartolozzi, Roberto"]
[Black "Castellano, Alfonso"]
[Result "1-0"]
[WhiteElo "2072"]
[BlackElo "1922"]
[PlyCount "77"]
[EventDate "2004.05.14"]

1. Nf3 Nf6 2. d4 g6 3. Bf4 Bg7 4. e3 d6 5. h3 Nbd7 6. Be2 O-O 7. Nbd2 Re8 8.
O-O b6 9. Nc4 Bb7 10. a4 Nf8 11. c3 Ne6 12. Bh2 c5 13. Nfd2 Ng5 14. Qc2 Qc8 15.
f3 Rd8 16. Qb3 Ba6 17. Rfe1 Ne6 18. Rac1 Qb7 19. Na3 Bxe2 20. Rxe2 d5 21. Nf1
Rac8 22. Qd1 Qd7 23. Be5 Bh6 24. Ra1 Ne8 25. Nc2 c4 26. Nh2 f6 27. Bg3 Nd6 28.
Ng4 Bg7 29. e4 dxe4 30. fxe4 Ng5 31. Nf2 Qb7 32. Qe1 e6 33. h4 Ngf7 34. Ng4 e5
35. d5 Nxe4 36. Rxe4 f5 37. Rxe5 Nxe5 38. Nxe5 Re8 39. Nb4 {...} 1-0

[Event "VIII Festival A"]
[Site "Salsomaggiore Terme ITA"]
[Date "2004.05.14"]
[Round "2"]
[White "Bentivegna, Francesco"]
[Black "Winfridsson, Ola"]
[Result "1/2-1/2"]
[WhiteElo "2258"]
[BlackElo "2057"]
[PlyCount "34"]
[EventDate "2004.05.14"]

1. e4 c6 2. d4 d5 3. e5 Bf5 4. h4 h5 5. c4 e6 6. Nc3 dxc4 7. Bxc4 Nd7 8. Nge2
Be7 9. Ng3 Bg6 10. Nge4 Nb6 11. Be2 Nh6 12. Bxh6 Rxh6 13. Qd2 Bxe4 14. Nxe4 Qd5
15. Bf3 Qb5 16. Nc3 Qa5 17. O-O Bxh4 1/2-1/2

[Event "VIII Festival A"]
[Site "Salsomaggiore Terme ITA"]
[Date "2004.05.14"]
[Round "2"]
[White "Bozuffi, Italo"]
[Black "Dallaglio, Giovanni"]
[Result "1/2-1/2"]
[WhiteElo "1700"]
[BlackElo "2019"]
[PlyCount "119"]
[EventDate "2004.05.14"]

1. f4 d5 2. Nf3 c5 3. e3 Bg4 4. Bb5+ Bd7 5. Bxd7+ Nxd7 6. b3 Ngf6 7. Bb2 e6 8.
O-O Be7 9. Ne5 O-O 10. Nxd7 Qxd7 11. d3 b5 12. Nd2 Ne8 13. Nf3 f6 14. h3 Nd6
15. g4 a5 16. a4 b4 17. Qe2 Rac8 18. e4 dxe4 19. dxe4 Qc6 20. Rae1 Nf7 21. Nd2
e5 22. Nc4 Qc7 23. fxe5 Nxe5 24. Bxe5 fxe5 25. Rxf8+ Rxf8 26. Rf1 g6 27. Rxf8+
Kxf8 28. Qd3 Bf6 29. Qd5 Kg7 30. Kg2 h6 31. Kf3 h5 32. Qd6 hxg4+ 33. hxg4 Qxd6
34. Nxd6 Bd8 35. Nc4 Kf6 36. Ne3 Ke6 37. Ke2 Kd6 38. Nc4+ Ke6 39. Kd3 Bc7 40.
Ne3 Kd6 41. Kc4 Kc6 42. Nd5 Bd8 43. Ne3 Bc7 44. Ng2 Bd8 45. Ne1 Bc7 46. Nd3 Bd6
47. g5 Bc7 48. Nxc5 Bd8 49. Nd3 Bc7 50. Nf2 Bd8 51. Nh3 Be7 52. c3 bxc3 53.
Kxc3 Kc5 54. Kd3 Kb4 55. Kc2 Kc5 56. Kc3 Bd8 57. Kd3 Kb4 58. Kc2 Kc5 59. Kc3
Be7 60. Kd3 1/2-1/2

[Event "VIII Festival A"]
[Site "Salsomaggiore Terme ITA"]
[Date "2004.05.14"]
[Round "2"]
[White "Capurro, Giuliano"]
[Black "Peric, Slavisa"]
[Result "1/2-1/2"]
[WhiteElo "2067"]
[BlackElo "2246"]
[PlyCount "77"]
[EventDate "2004.05.14"]

1. e4 e6 2. d4 d5 3. Nc3 Nc6 4. Bb5 Nge7 5. Nf3 Bd7 6. Qe2 dxe4 7. Qxe4 a6 8.
Ba4 Nb4 9. O-O b5 10. Bb3 Bc6 11. d5 Nbxd5 12. Rd1 Qd6 13. Nxd5 Bxd5 14. Bxd5
Nxd5 15. c4 bxc4 16. Ne5 Rd8 17. Nxc4 Qd7 18. Bf4 Be7 19. Rac1 Bf6 20. Be5 O-O
21. Bxf6 gxf6 22. Rd3 f5 23. Qh4 Qe7 24. Rg3+ Kh8 25. Qh6 f6 26. Na5 Qf7 27.
Nc6 Rd6 28. h3 e5 29. Nb4 f4 30. Rb3 f5 31. Qh4 Nf6 32. Rbc3 Ne8 33. Nd3 Qg7
34. f3 Rg8 35. R1c2 Rh6 36. Qe1 e4 37. Nxf4 Qg5 38. Qe3 exf3 39. Qe5+ 1/2-1/2

[Event "VIII Festival A"]
[Site "Salsomaggiore Terme ITA"]
[Date "2004.05.14"]
[Round "2"]
[White "Catalano, Luigi"]
[Black "Salati, Paolo"]
[Result "0-1"]
[WhiteElo "1622"]
[BlackElo "1959"]
[PlyCount "117"]
[EventDate "2004.05.14"]

1. e4 Nf6 2. Nc3 d5 3. d3 d4 4. Nce2 e5 5. Nf3 Nc6 6. g3 Bg4 7. Bg2 Bd6 8. O-O
O-O 9. Nh4 h6 10. Bf3 Be7 11. Bxg4 Nxg4 12. Nf5 Bg5 13. h3 Bxc1 14. Nxc1 Nf6
15. Qd2 Kh7 16. g4 Ng8 17. Kh2 g6 18. Ng3 Qh4 19. Nce2 Nf6 20. Kg2 Ne8 21. f4
Qe7 22. f5 Nf6 23. Rf2 Qb4 24. c3 dxc3 25. bxc3 Qd6 26. Raf1 Rad8 27. Nc1 Rd7
28. g5 hxg5 29. Qxg5 Ng8 30. f6 Nh6 31. Nf5 Nxf5 32. exf5 Qd5+ 33. Kh2 e4 34.
Qh4+ Kg8 35. dxe4 Qe5+ 36. Qg3 Qxg3+ 37. Kxg3 Ne5 38. h4 Kh7 39. Kf4 Re8 40.
Rg2 Rd6 41. fxg6+ Nxg6+ 42. Ke3 Rde6 43. Rg4 Ne5 44. Rg7+ Kh6 45. Rf4 Rxf6 46.
Rg5 Nc4+ 47. Kf3 Nd2+ 48. Ke3 Rxf4 49. Kxf4 Rxe4+ 50. Kf5 Rc4 51. Rg2 Rc5+ 52.
Kf6 Rxc3 53. Kxf7 Rxc1 54. Rxd2 Kh5 55. Ke6 Kxh4 56. Kd7 Kg4 57. Kc8 b6 58. Kb7
a5 59. Rd4+ {...} 0-1

[Event "VIII Festival A"]
[Site "Salsomaggiore Terme ITA"]
[Date "2004.05.14"]
[Round "2"]
[White "Cenci, Federico"]
[Black "Ambrosi, Eleonora"]
[Result "0-1"]
[WhiteElo "1649"]
[BlackElo "2118"]
[PlyCount "70"]
[EventDate "2004.05.14"]

1. e4 c5 2. Nf3 Nc6 3. d4 cxd4 4. Nxd4 Qc7 5. Nc3 e6 6. a3 a6 7. Be2 Nf6 8. O-O
h5 9. Re1 Nxd4 10. Qxd4 Bc5 11. Qd2 Bd6 12. f4 Bc5+ 13. Kh1 Ng4 14. Bxg4 hxg4
15. Qe2 g3 16. h3 Bf2 17. Rd1 Qc5 18. Rd3 b5 19. Be3 Qe7 20. Bxf2 gxf2 21. Qxf2
Bb7 22. Re1 Qh4 23. Qd4 Qxe1+ 24. Kh2 Bc6 25. f5 Rh7 26. Nd5 Bxd5 27. exd5 Qh4
28. Qe3 Qf6 29. fxe6 fxe6 30. Qc5 Rh5 31. Re3 Qe7 32. Qc3 Rxd5 33. Rg3 Rg5 34.
Rf3 Qd6+ 35. Kg1 Qc5+ 0-1

[Event "VIII Festival A"]
[Site "Salsomaggiore Terme ITA"]
[Date "2004.05.14"]
[Round "2"]
[White "De Palma, Fabrizio"]
[Black "Bavosi, Mariano"]
[Result "1-0"]
[WhiteElo "1948"]
[BlackElo "1547"]
[PlyCount "37"]
[EventDate "2004.05.14"]

1. e4 Nf6 2. Nc3 d5 3. e5 Ne4 4. d4 c5 5. Nxe4 dxe4 6. d5 Bf5 7. g4 Bg6 8. Bb5+
Nd7 9. c4 a6 10. Bxd7+ Qxd7 11. Be3 Rc8 12. Nh3 h5 13. Nf4 hxg4 14. e6 Qd6 15.
Qxg4 Qe5 16. exf7+ Kd8 17. Ne6+ Kd7 18. Nxc5+ Kd6 19. Bf4 1-0

[Event "VIII Festival A"]
[Site "Salsomaggiore Terme ITA"]
[Date "2004.05.14"]
[Round "2"]
[White "Diotallevi, Maurizio"]
[Black "Cottarelli, Franco"]
[Result "1-0"]
[WhiteElo "2099"]
[BlackElo "1942"]
[PlyCount "81"]
[EventDate "2004.05.14"]

1. d4 f5 2. Nc3 Nf6 3. Bg5 d5 4. Bxf6 exf6 5. e3 Bb4 6. Bd3 Nc6 7. Qh5+ g6 8.
Qf3 Ne7 9. Nge2 c6 10. h4 Qb6 11. O-O-O Be6 12. a3 Bd6 13. Nf4 Bf7 14. Bf1
O-O-O 15. Nd3 Qa5 16. Nb1 Kb8 17. Nd2 Nc8 18. Nb3 Qc7 19. Ndc5 Nb6 20. Ba6 Nc4
21. Nxb7 Qb6 22. Nxd6 Nxd6 23. Qe2 Ne4 24. Bd3 Ka8 25. Bxe4 fxe4 26. Qd2 Rb8
27. Qc3 Rhd8 28. Kd2 Be8 29. Rb1 f5 30. Nc5 Bd7 31. b3 Bc8 32. Na4 Qc7 33. g3
Rb5 34. Nc5 Rb8 35. b4 Qb6 36. Nb3 Ba6 37. Qc5 Bb5 38. Qe7 Rb7 39. Qg5 Rbb8 40.
Nc5 Bc4 41. h5 1-0

[Event "VIII Festival A"]
[Site "Salsomaggiore Terme ITA"]
[Date "2004.05.14"]
[Round "2"]
[White "Dragojlovic, Andjelko"]
[Black "Cazzaniga, Walter"]
[Result "1/2-1/2"]
[WhiteElo "2340"]
[BlackElo "2080"]
[PlyCount "79"]
[EventDate "2004.05.14"]

1. e4 e6 2. d4 d5 3. Nc3 Bb4 4. a3 Bxc3+ 5. bxc3 dxe4 6. Qg4 Nf6 7. Qxg7 Rg8 8.
Qh6 b6 9. Bg5 Rg6 10. Qh4 Bb7 11. Ne2 h6 12. Bxf6 Qxf6 13. Qxf6 Rxf6 14. Ng3
Nd7 15. a4 a5 16. Be2 Rg6 17. O-O O-O-O 18. f3 exf3 19. Bxf3 f6 20. Rae1 e5 21.
Nf5 Kb8 22. Ne7 Rg7 23. Nc6+ Bxc6 24. Bxc6 exd4 25. cxd4 Rf7 26. c3 Kc8 27. Re6
Rdf8 28. Rf5 Kd8 29. Bxd7 Kxd7 30. d5 Re7 31. Rfxf6 Rxf6 32. Rxf6 Re4 33. Rxh6
Rxa4 34. h4 Rc4 35. h5 a4 36. Rh8 a3 37. Ra8 Rh4 38. Rxa3 Rxh5 39. c4 Rh4 40.
Rc3 1/2-1/2

[Event "VIII Festival A"]
[Site "Salsomaggiore Terme ITA"]
[Date "2004.05.14"]
[Round "2"]
[White "Foglia, Maurizio"]
[Black "Di Paolo, Raffaele"]
[Result "0-1"]
[WhiteElo "2087"]
[BlackElo "2349"]
[PlyCount "108"]
[EventDate "2004.05.14"]

1. e4 c5 2. c3 e6 3. d4 d5 4. exd5 Qxd5 5. Nf3 Nc6 6. Be2 cxd4 7. cxd4 Nf6 8.
Nc3 Qd6 9. a3 Be7 10. O-O O-O 11. h3 a6 12. Be3 b5 13. Qd2 Bb7 14. b4 Rac8 15.
Rac1 Rfd8 16. Rfd1 Qb8 17. Qb2 Nd5 18. Nxd5 Rxd5 19. Bd3 Bf6 20. Be4 Rdd8 21.
Qb1 g6 22. d5 exd5 23. Rxd5 Rxd5 24. Bxd5 Ne7 25. Rxc8+ Qxc8 26. Bxb7 Qxb7 27.
Bd4 Bxd4 28. Nxd4 Qd5 29. Nf3 Nf5 30. Qc2 Nd6 31. Qc7 Qe6 32. Qc3 Nc4 33. h4 h6
34. Nd4 Qg4 35. Nf3 Qf4 36. g3 Qd6 37. Nd4 Qd5 38. Nc2 Qe4 39. Ne3 Qf3 40. Qd3
Nxe3 41. Qxe3 Qxe3 42. fxe3 Kg7 43. e4 Kf6 44. Kf2 Ke5 45. Ke3 h5 46. Kd3 f6
47. Ke3 g5 48. Kd3 gxh4 49. gxh4 f5 50. exf5 Kxf5 51. Ke3 Kg4 52. Ke4 Kxh4 53.
Kf4 Kh3 54. Kf3 h4 0-1

[Event "VIII Festival A"]
[Site "Salsomaggiore Terme ITA"]
[Date "2004.05.14"]
[Round "2"]
[White "Garofalo, Sergio"]
[Black "Pipitone, Antonio"]
[Result "1-0"]
[WhiteElo "1784"]
[BlackElo "2028"]
[PlyCount "73"]
[EventDate "2004.05.14"]

1. d4 Nf6 2. Nf3 g6 3. g3 Bg7 4. Bg2 d6 5. c4 c5 6. d5 O-O 7. Nc3 Nbd7 8. O-O
Nb6 9. Qd3 e5 10. e4 Ne8 11. a4 f5 12. a5 fxe4 13. Nxe4 Nd7 14. Nfg5 Ndf6 15.
Ne6 Bxe6 16. dxe6 Qe7 17. Bg5 h6 18. Nxf6+ Nxf6 19. Bxf6 Rxf6 20. a6 Rb8 21.
axb7 Rxb7 22. Bxb7 Qxb7 23. Qxd6 Bf8 24. Qd7 Qxd7 25. exd7 Be7 26. Rfd1 Bd8 27.
Rxa7 Kf7 28. Rd5 Re6 29. Rxc5 Ke7 30. Rd5 e4 31. c5 e3 32. fxe3 Rxe3 33. c6
Re1+ 34. Kg2 Rc1 35. Re5+ Kf6 36. Re8 Bb6 37. c7 1-0